مكتبة جامعة عجلون الوطنية

فهرس بحث المكتبة

Normal view MARC view
  • صعوبات التعلم-صعوبات-القراءة

Entry Topical Term

Number of records used in: 1

001 - CONTROL NUMBER

  • control field: 63294

003 - CONTROL NUMBER IDENTIFIER

  • control field: JO-AjAnu

005 - DATE AND TIME OF LATEST TRANSACTION

  • control field: 20230606084331.0

008 - FIXED-LENGTH DATA ELEMENTS

  • fixed length control field: 230606|| aca||aabn | a|a d

040 ## - CATALOGING SOURCE

  • Original cataloging agency: JO-AjAnu
  • Transcribing agency: JO-AjAnu

150 ## - HEADING--TOPICAL TERM

  • Topical term or geographic name entry element: صعوبات التعلم-صعوبات-القراءة

670 ## - SOURCE DATA FOUND

  • Source citation: Work cat.: (JO-AjAnu)32269: إعداد حسن، عبدالله خضر محمد؛ إشراف الهام مصطفى القصيرين, author 63293, فاعلية نموذج فارك (VARK)في تنمية مهارات الطلاقة القرائية لدى الطلبة ذوي صعوبات التعلم=The Effectiveness of the (VARK) Model in Developing The Reading Fluency skills of students with Learning Disabilities